| 000 | 00614nam a2200133Ia 4500 | ||
|---|---|---|---|
| 008 | 220620s9999||||xx |||||||||||||| ||und|| | ||
| 022 | _a16648714 | ||
| 100 | _aElise Dumont||Antonio Monari||Chryssostomos Chatgilialoglu | ||
| 245 | 0 | _aRadiation-induced and oxidative DNA damages | |
| 546 | _aEnglish[eng] | ||
| 650 | _asimulation and modeling||Analytical Chemistry||Radiation induced lesions||Oxidative damages||spectroscopy||Photochemistry and Photophysics||Photosensitization||DNA lesions | ||
| 856 | _uhttp://journal.frontiersin.org/researchtopic/2741/radiation-induced-and-oxidative-dna-damages | ||
| 942 | _cEB | ||
| 999 |
_c25090 _d25090 |
||